000 01217nam a22003377a 4500
003 CHAP
005 20220329141329.0
008 971013s1988 r 00010 d
010 _a66509
011 _a67481
035 _a76951
040 _cCHAP
090 _aTesis
100 0 0 _aMéndez Leal, Héctor Horacio.
_976519
245 _aConservación de jiotilla (Escontria chiotilla L.) por métodos combinados basados en la reducción de la actividad de agua
260 _aChapingo, Méx. :
_bEl autor,
_c1988
300 _ac.a. 80 h.
502 _aTesis (Ing. Agr. Esp. en Industrias Agrícolas) -- UACH. Departamento de Industrias Agrícolas
590 _aALEPH
_b10
_c20130110
_lUCH01
_h1401
590 _aBATCH-UPD
_b10
_c20130110
_lUCH01
_h1841
590 _aBATCH-UPD
_b10
_c20130410
_lUCH01
_h1211
590 _aBATCH-UPD
_b10
_c20130914
_lUCH01
_h0805
590 _aCONVERSION
_b10
_c20130109
_lUCH01
_h1337
650 1 4 _aCactáceas
_xPreservación.
_917012
650 1 4 _aEscontria chiotilla.
_937564
650 1 4 _aPlantas
_xContenido de agua.
_988802
710 0 _aUACH. Departamento de Industrias Agrícolas.
_9115870
901 _aBK
942 _cTESIS
949 _bBC
_cTES
_d-29810
_eTS1
_h21339
_i76951
_si
999 _c66509
_d66509